00676 2200205 4500001002100000005001700021008004100038035002400079040001200103082001600115090002200131110006200153245008600215260006400301300003600365650001500401850001200416990002100428990002100449YOGYA-0209000006885220170406103724.0 ind  0010-020900000068852 aYOPDYOG 223a338.372 aDEP 338.372 Yog B aYOGYAKARTA. Daerah Istimewa. Dinas Perikanan dan Kelautan aBuku informasi harga ikan tahun 2007c/ Dinas Perikanan dan Kelautan Provinsi DIY aYogyakartabDinas Perikanan dan Kelautan Provinsi DIYc2007 a[58] lembar.b: ilus.c; 28 cm. aHarga ikan aYOPDYOG aCB-D.11/2007-906 aCB-D.11/2007-907